Walter Matthau Filmography - Statistics

General Stats
  • This quiz has been taken 27 times
    5 since last reset
  • The average score is 18 of 183
Answer Stats
Type Year Name % Correct
Film 1995 Grumpier Old Men
100%
Film 1993 Grumpy Old Men
100%
Theater 1965-1967 The Odd Couple
100%
Film 1968 The Odd Couple
100%
Film 1957 A Face in the Crowd
75%
Film 1981 Buddy Buddy
75%
Film 1973 Charley Varrick
75%
Film 1991 JFK
75%
Film 1966 The Fortune Cookie
75%
Film 1974 The Front Page
75%
Film 1963 Charade
50%
Film 1993 Dennis the Menace
50%
Film 1964 Fail Safe
50%
Film 1959 Gangster Story
50%
Film 1969 Hello, Dolly!
50%
Film 1997 Out to Sea
50%
TV Show 1978 Saturday Night Live
50%
TV Film 1998 The Marriage Fool
50%
Film 1998 The Odd Couple II
50%
Film 1975 The Sunshine Boys
50%
Film 1983 The Survivors
50%
Film 1974 The Taking of Pelham One Two Three
50%
Film 1967 A Guide for the Married Man
25%
Film 1971 A New Leaf
25%
Theater 1961-1962 A Shot in the Dark
25%
Film 1969 Cactus Flower
25%
Film 1968 Candy
25%
Film 1980 Hopscotch
25%
Film 1978 House Calls
25%
Film 1971 Kotch
25%
Film 1962 Lonely Are the Brave
25%
Film 1958 Onionhead
25%
Film 1976 The Bad News Bears
25%
Film 1988 The Couch Trip
25%
Film 1995 The Grass Harp
25%
Film 1955 The Kentuckian
25%
TV Special 1987 A Beverly Hills Christmas
0%
TV Film 1978 Actor
0%
TV Film 1992 Against Her Will: An Incident in Baltimore
0%
TV Show 1958, 1959, 1960, 1961 Alfred Hitchcock Presents
0%
TV Special 1980 All-Star Party for Jack Lemmon
0%
Short TV Documentary 1993 A Menace Named Dennis
0%
Documentary Series 1989, 1998 American Masters
0%
Theater 1948-1949 Anne of the Thousand Days
0%
TV Show 1952, 1953, 1954 Armstrong Circle Theatre
0%
TV Special 1978 A Tribute to Neil Simon
0%
TV Film 1972 Awake and Sing!
0%
TV Special 1994 Barbra: The Concert
0%
TV Documentary 1992 Beyond 'JFK': The Question of Conspiracy
0%
Film 1956 Bigger Than Life
0%
TV Show 1964 Bob Hope Presents the Chrysler Theatre
0%
Film 1978 California Suite
0%
TV Show 1953 Campbell Summer Soundstage
0%
TV Special 1968 Carol Channing and 101 Men
0%
Film 1978 Casey's Shadow
0%
TV Show 1954 Center Stage
0%
Short TV Documentary 1987 Change of Heart
0%
Documentary Series 1967 Cinema
0%
TV Show 1980 Clapper Board
0%
TV Show 1957 Climax!
0%
TV Show 1952, 1953, 1954 Danger
0%
TV Show 1975, 1976 Dinah!
0%
TV Show 1964 Dr. Kildare
0%
Audiobook 1992 Dr. Seuss Video Classics: How the Grinch Stole Christmas!
0%
Film 1974 Earthquake
0%
TV Special 1993 Elvis: His Life and Times
0%
Film 1964 Ensign Pulver
0%
Theater 1952 Fancy Meeting You Again
0%
Film 1981 First Monday in October
0%
TV Documentary 1978 Funny Business
0%
Short Documentary 1963 General Bradley
0%
Short Documentary 1963 General Eisenhower
0%
TV Show 1956, 1962 General Electric Theater
0%
Short Documentary 1963 General MacArthur
0%
TV Special 1986 George Burns' 90th Birthday Party: A Very Special Special
0%
TV Show 1968 George Jessel's Here Come the Stars
0%
Film 1964 Goodbye Charlie
0%
TV Show 1952-1957 Goodyear Playhouse
0%
TV Show 1961 Great Ghost Tales
0%
TV Show 1987 Great Performances
0%
Theater 1955 Guys and Dolls
0%
Film 2000 Hanging Up
0%
TV Special 2001 Hollywood Remembers Walter Matthau
0%
TV Documentary 1982 Hollywood: The Gift of Laughter
0%
TV Special 1982 I Love Liberty
0%
Film 1996 I'm Not Rappaport
0%
Theater 1952 In Any Language
0%
TV Film 1994 Incident in a Small Town
0%
TV Show 1977 Insight
0%
Documentary Series 1998 Intimate Portrait
0%
Film 1994 I.Q.
0%
Film 1963 Island of Love
0%
TV Special 1968 Jack Benny's Bag
0%
TV Documentary 1996 Jack Lemmon: America's Everyman
0%
TV Documentary 1976 Jack Lemmon: A Twist of Lemmon
0%
TV Film 1960 Juno and the Paycock
0%
TV Show 1955 Justice
0%
Documentary 1980 Killer Cop
0%
Documentary 1969 King: A Filmed Record... Montgomery to Memphis
0%
Film 1958 King Creole
0%
TV Show 1952, 1958 Kraft Theatre
0%
TV Documentary 1992 Laurel & Hardy: A Tribute to the Boys
0%
Film 1980 Little Miss Marker
0%
TV Show 1982 Live from Lincoln Center
0%
Film 1998 Love After Death
0%
TV Show 1950-1952 Lux Video Theatre
0%
Theater 1991 Mastergate
0%
Film 1965 Mirage
0%
TV Show 1952 Mister Peepers
0%
Film 1985 Movers & Shakers
0%
TV Film 1991 Mrs. Lambert Remembers Love
0%
Theater 1963 My Mother, My Father, and Me
0%
TV Show 1960, 1962 Naked City
0%
Film 1982 Neil Simon's I Ought to Be in Pictures
0%
TV Show 1953, 1956 Omnibus
0%
Theater 1958-1959 Once More, with Feeling!
0%
Theater 1961 Once There Was a Russian
0%
Theater 1952 One Bright Day
0%
TV Special 1986 One Voice
0%
TV Show 1960 Our American Heritage
0%
Film 1972 Pete 'n' Tillie
0%
Film 1986 Pirates
0%
TV Show 1960 Play of the Week
0%
Film 1971 Plaza Suite
0%
TV Show 1954 Ponds Theater
0%
Documentary 1980 Portrait of a '60% Perfect Man': Billy Wilder
0%
TV Show 1964, 1965 Profiles in Courage
0%
Film 1958 Ride a Crooked Trail
0%
TV Show 1954, 1955 Robert Montgomery Presents
0%
TV Show 1961 Route 66
0%
Theater 1950-1951 Season in the Sun
0%
TV Show 1951 Shadow of the Cloak
0%
Film 1957 Slaughter on Tenth Avenue
0%
Film 1960 Strangers When We Meet
0%
TV Show 1950, 1953 Studio One
0%
TV Show 1953 Suspense
0%
TV Show 1961 Tallahassee 7000
0%
TV Show 1961, 1962 Target: The Corruptors!
0%
Award Show 1970 The 24th Annual Tony Awards
0%
Award Show 1983 The 55th Annual Academy Awards
0%
TV Show 1956, 1957 The Alcoa Hour
0%
TV Special 1980 The Annual Friars Club Tribute Presents a Salute to Milton Berle
0%
TV Show 1950 The Big Story
0%
Theater 1953, 1954 The Burning Glass
0%
TV Show 1980 The Don Lane Show
0%
TV Show 1962-1964 The DuPont Show of the Week
0%
TV Show 1963 The Eleventh Hour
0%
TV Special 1982 The Film Society of Lincoln Center Annual Gala Tribute to Billy Wilder
0%
TV Documentary 1995 The First 100 Years: A Celebration of American Movies
0%
Documentary 1975 The Gentleman Tramp
0%
TV Special 1976 The George Burns Special
0%
Theater 1952 The Glass Menagerie
0%
Theater 1952 The Grey-Eyed People
0%
TV Show 1968 The Hollywood Squares
0%
TV Film 1990 The Incident
0%
Film 1955 The Indian Fighter
0%
TV Special 1986, 1990 The Kennedy Center Honors: A Celebration of the Performing Arts
0%
Theater 1953 The Ladies of the Corridor
0%
Theater 1948 The Late Christopher Bean
0%
Film 1973 The Laughing Policeman
0%
Theater 1950 The Liar
0%
Documentary 1998 The Life and Times of Hank Greenberg
0%
Short Documentary 1975 The Lion Roars Again
0%
Film 1988 The Little Devil
0%
Documentary 1993 The Making of the Last Best Hope on Earth: Abraham Lincoln and the Promise of America
0%
TV Show 1965-1972 The Merv Griffin Show
0%
TV Show 1975-1980 The Mike Douglas Show
0%
TV Show 1954 The Motorola Television Hour
0%
TV Show 1952-1955 The Philco Television Playhouse
0%
TV Show 1964 The Rogues
0%
Film 1968 The Secret Life on an American Wife
0%
TV Special 1984 The Stars Salute the U.S. Olympic Team
0%
TV Film 1978 The Stingiest Man in Town
0%
TV Show 1954, 1957 The United States Steel Hour
0%
Theater 1955 The Wisteria Trees
0%
TV Documentary 1976 The World of Walter Matthau
0%
Theater 1951 Twilight Walk
0%
Film 1958 Voice in the Mirror
0%
TV Documentary 1997 Walter Matthau: Diamond in the Rough
0%
TV Special 1987 We the People 200: The Constitutional Gala
0%
Film 1962 Who's Got the Action?
0%
Theater 1955-1956 Will Success Spoil Rock Hunter?
0%
TV Show 1968 Your All-American College Show
0%
No matching quizzes found
Score Distribution
Percent of People with Each Score
Percentile by Number Answered
Your Score History
You have not taken this quiz since the last reset